书目信息 |
| 题名: |
离散数学习题解答
|
|
| 作者: | 邓辉文编著 | |
| 分册: | ||
| 出版信息: | 2006 |
|
| 页数: | 186页 | |
| 开本: | 26cm | |
| 丛书名: | ||
| 单 册: | ||
| 中图分类: | O158-44 | |
| 科图分类: | ||
| 主题词: | ||
| 电子资源: | ||
| ISBN: | ISBN7-302-13712-9 | |
| 000 | 00481nam0 2200193 45 | |
| 001 | 010440865468 | |
| 005 | 20080303110419.40 | |
| 010 | @aISBN7-302-13712-9@dCNY18.00 | |
| 100 | @a20070122d ekmy0 y0120 ea | |
| 102 | @aCN@b130000 | |
| 105 | @ay z 000yy | |
| 200 | 1 | @a离散数学习题解答@f邓辉文编著 |
| 210 | @d2006 | |
| 215 | @a186页@d26cm | |
| 690 | @aO158-44@v4 | |
| 701 | 0 | @a邓辉文编著 |
| 801 | 0 | @aCN@bpdsgxy@c20080303 |
| 905 | @dO158-44@eD280 | |
| 906 | @dCNY18.00@n3@r1 | |
| 离散数学习题解答/邓辉文编著.-2006 |
| 186页;26cm |
| ISBN ISBN7-302-13712-9:CNY18.00 |
| ● |
| 相关链接 |
|
|
|
正题名:离散数学习题解答
索取号:O158-44/D280
 
预约/预借
| 序号 | 登录号 | 条形码 | 馆藏地/架位号 | 状态 | 备注 |
| 1 | 479470 | 204794703 | 期刊室512/ [索取号:O158-44/D280] | 在馆 |